Calculus of finite differences
Αποθηκεύτηκε σε:
| Κύριος συγγραφέας: | |
|---|---|
| Άλλοι συγγραφείς: | |
| Μορφή: | Βιβλίο |
| Γλώσσα: | English |
| Δημοσίευση: |
New York :
Chelsea,
[195-?].
|
| Έκδοση: | 4η έκδ. |
| Θέματα: | |
| Ετικέτες: |
Προσθήκη ετικέτας
Δεν υπάρχουν, Καταχωρήστε ετικέτα πρώτοι!
|
MARC
| LEADER | 00000cam a2200000 i 4500 | ||
|---|---|---|---|
| 001 | 1/5751 | ||
| 008 | 100316q195u nyu ||| | eng|| | ||
| 035 | |l 10107274 | ||
| 040 | |a GR-MyUA |b gre |e AACR2 | ||
| 041 | 0 | |a eng | |
| 082 | 0 | |a 515.62 |2 (22) | |
| 100 | 1 | |a Boole, George, |d 1815-1864. | |
| 245 | 1 | 0 | |a Calculus of finite differences / |c George Boole ; edited by J. F. Moulton. |
| 250 | |a 4η έκδ. | ||
| 260 | |a New York : |b Chelsea, |c [195-?]. | ||
| 300 | |a xii, 336 σ. ; |c 21 εκ. | ||
| 650 | 0 | 0 | |a Difference equations. |
| 650 | 0 | 0 | |a Functional equations. |
| 700 | 1 | |a Moulton, J. Fletcher |q (John Fletcher), |d 1844-1921, |e edt | |
| 852 | |a INST |b SAMOS |c MAG |e 20100316 |h 515.62 BOO |p 005300032173 |q 005300032173 |t BK |y 0 | ||
| 901 | |a BIBL3-2010-1 | ||
| 909 | |a Σ |b 162038 | ||
| 970 | |a ΡΟΥΣΣΟΥ |b ΚΩΝΣΤΑΝΤΙΝΑ |z 2010/03/16 | ||